000 00488nam a22001817a 4500
003 BD-ChCU
005 20260430093621.0
008 260430b bg ||||| |||| 00| 0 ben d
040 _cBD-ChCU
082 _a658.85 TOI
100 _aTosdal , Harry R.
_922119
245 _aIntroduction to sales management ./
_cR . Harry , Tosdal
250 _a4th ed.
260 _aNew York :
_bMcGraw -Hill ,
_cC 1957
300 _axiii , 866p.
650 0 _aMarketing.
_922122
942 _2ddc
_cBK
_n0
999 _c112536
_d112536